Sử thi lịch sử và truyền thống văn học dân gian Trung Quốc /

Đã lưu trong:
書目詳細資料
主要作者: Riftin, B.L
格式: Sách giấy
語言:Vietnamese
出版: TP.Huế. : Thuận Hoá, 2002
標簽: 添加標簽
沒有標簽, 成為第一個標記此記錄!
Thư viện lưu trữ: Thư viện Trường Đại học Đà Lạt
LEADER 00663nam a2200265 4500
001 DLU040030168
005 ##20041214
040 # # |a DLU  |b vie 
041 # # |a vie 
044 # # |a vn 
082 # # |a 895.13  |b RI-B 
100 # # |a Riftin, B.L 
245 # # |a Sử thi lịch sử và truyền thống văn học dân gian Trung Quốc /  |c B.L.Riftin ; Phan Ngọc dịch 
260 # # |a TP.Huế. :  |b Thuận Hoá,  |c 2002 
300 # # |a 513 tr. ;  |c 21 cm 
923 # # |a 41/2004 
992 # # |a 55000 
994 # # |a DLU 
900 # # |a True 
911 # # |a Đào Thị Thu Huyền 
925 # # |a G 
926 # # |a A 
927 # # |a SH 
980 # # |a Thư viện Trường Đại học Đà Lạt